| Tag |
First Indicator |
Second Indicator |
Subfields |
| LEADER |
00000cam a2200000 i 4500 |
| 001 |
in00000068551 |
| 005 |
20151008050229.0 |
| 008 |
780816s1906 fr 00010 fre d |
| 035 |
|
|
|a (OCoLC)04143882
|
| 035 |
|
|
|9 AAG0088AM
|
| 040 |
|
|
|a UCW
|c UCW
|d TXA
|d UtOrBLW
|
| 043 |
|
|
|a e-fr---
|
| 049 |
|
|
|a TXAM
|c [296678]
|
| 090 |
|
|
|a HD649.B8
|b S38
|
| 092 |
|
|
|a 323.33
|b S451c
|
| 100 |
1 |
|
|a Sée, Henri,
|d 1864-1936.
|
| 245 |
1 |
4 |
|a Les classes rurales en Brategne du XVIe siecle a la revolution.
|
| 264 |
|
1 |
|a Paris :
|b V. Giard et E. Briere,
|c 1906.
|
| 300 |
|
|
|a xxi, 544 pages ;
|c 25 cm.
|
| 336 |
|
|
|a text
|b txt
|2 rdacontent
|
| 337 |
|
|
|a unmediated
|b n
|2 rdamedia
|
| 338 |
|
|
|a volume
|b nc
|2 rdacarrier
|
| 650 |
|
0 |
|a Peasants
|z France
|z Brittany.
|
| 650 |
|
0 |
|a Land tenure
|z France
|z Brittany.
|
| 999 |
|
|
|a MARS
|
| 999 |
f |
f |
|s a1ce455a-b52a-3a8a-8713-2adbeeb067b0
|i bc81fa8f-631b-33ff-83b4-c7c308e749e3
|t 0
|
| 952 |
f |
f |
|p ric
|a Texas A&M University
|b Rellis Campus
|c Joint Library Facility
|d Remote Storage
|t 0
|e HD649.B8 S38
|h Library of Congress classification
|i unmediated -- volume
|m A14800664631
|
| 998 |
f |
f |
|a HD649.B8 S38
|t 0
|l Remote Storage
|